000 01016cab a2200325 4500
001 WB3111-07
008 090401t1995 xxu||||| |||| 00| 0 eng d
035 _a(Sirsi) u29083
041 _aeng
245 _aCity offices
260 _c1995
350 _a0
490 _aTimes
_v15 March 1995, 22(1)
520 _aThe central London office market is set to outperform other European business centres, with rental growth attracting investors, according to reports from Knight Frank & Rutley and DTZ Debenham Thorpe.
650 _a1995
650 _aCITY OF LONDON
650 _aEUROPE
650 _aFORECASTS
650 _aHAMBURG
650 _aINVESTMENT MARKET
650 _aLONDON
650 _aPROPERTY-COMMERCIAL PROPERTY-OFFICE PROPERTY-OFFICE PROPERTY MARKET
650 _aPARIS
650 _aRENTAL GROWTH
690 _aPROPERTY-COMMERCIAL PROPERTY-COMMERCIAL PROPERTY MARKET
690 _aFINANCE AND INVESTMENT
690 _aOVERSEAS-EUROPE
942 _n0
948 _c04/03/1997
999 _c19577
_d19577